| 000 | 00876nam a2200241 i 4500 | ||
|---|---|---|---|
| 001 | 181329 | ||
| 003 | ES-MaACL | ||
| 005 | 20250911062854.0 | ||
| 008 | 121210s2011 sp | |||||||| | spa d | ||
| 020 | _a978-84-9895-775-4 | ||
| 080 | _a821.161.1-14"19" | ||
| 100 | 1 |
_aEvtushenko, Evgueniï Aleksandrovich. _948409 |
|
| 245 | 1 | 0 |
_aManzanas robadas : _bantología / _cYevgeny Yevtushenko ; traducción de Javier Campos ; prólogo de Luis García Montero. |
| 260 |
_aMadrid : _bVisor Libros, _cD.L. 2011. |
||
| 300 |
_a140 p. ; _c20 cm. |
||
| 490 | 1 |
_aColección Visor de poesía ; _vv. 775 |
|
| 700 | 1 |
_aCampos, Javier. _9151944 |
|
| 700 | 1 |
_aGarcía Montero, Luis, _d1958- _954978 |
|
| 830 | 0 |
_aColección Visor de poesía _vv. 775 _9177331 |
|
| 852 |
_aES-MaACL _jA-12391 _9188213 _bR.1466734 _cDEPO1 _dOlim: N-5396 |
||
| 942 |
_2udc _cMONOGRAFIA |
||
| 999 |
_c181329 _d181329 |
||